000 00545nam a2200193Ia 4500
999 _c43233
_d43233
003 GCL
005 20240530103903.0
008 140319s9999 xx 000 0 ara d
040 _aGCL /
_cGCL
082 0 4 _a220
_bى ف
100 1 _aيس محمد يحيى
245 1 0 _aفى رحاب القرآن الكريم /
_cيس محمد يحيى
490 _aكتاب
_v0
650 0 4 _aالشريعة الاسلامية
650 0 4 _aالقران - تفسير
650 0 4 _aالقران - فضائل
650 0 4 _aالقران
942 _2ddc
_cBK